Լեռ և ճակատագիր : (Record no. 540687)
[ view plain ]
| 000 -LEADER | |
|---|---|
| fixed length control field | 00823nam a2200205 a 4500 |
| 001 - CONTROL NUMBER | |
| control field | 000296666 |
| 003 - CONTROL NUMBER IDENTIFIER | |
| control field | AM-YEHGA |
| 005 - DATE AND TIME OF LATEST TRANSACTION | |
| control field | 20260325161514.0 |
| 008 - FIXED-LENGTH DATA ELEMENTS--GENERAL INFORMATION | |
| fixed length control field | 031222s1972 le |||||r|||||000|1|arm|d |
| 040 ## - CATALOGING SOURCE | |
| Original cataloging agency | AM-YEHGA |
| 041 0# - LANGUAGE CODE | |
| Language code of text/sound track or separate title | arm |
| 100 1# - MAIN ENTRY--PERSONAL NAME | |
| Personal name | Սիմոնյան, Սիմոն Օվեի, |
| Dates associated with a name | 1914-1986 |
| 9 (RLIN) | 923 |
| 245 10 - TITLE STATEMENT | |
| Title | Լեռ և ճակատագիր : |
| Remainder of title | (Հատընտիր) / |
| Statement of responsibility, etc. | Ս. Սիմոնեան. |
| 260 ## - PUBLICATION, DISTRIBUTION, ETC. | |
| Place of publication, distribution, etc. | Պէյրութ : |
| Name of publisher, distributor, etc. | տպ. Սեւան, |
| Date of publication, distribution, etc. | 1972. |
| 300 ## - PHYSICAL DESCRIPTION | |
| Extent | 478 էջ ; |
| Dimensions | 24 սմ. |
| 500 ## - GENERAL NOTE | |
| General note | Գրքի թվային տարբերակը ՀԱԳ-ին է տրամադրել իրավատերը։ |
| 650 14 - SUBJECT ADDED ENTRY--TOPICAL TERM | |
| Topical term or geographic name entry element | Հայ գրականություն |
| General subdivision | Երկեր |
| 856 41 - ELECTRONIC LOCATION AND ACCESS | |
| Uniform Resource Identifier | <a href="http://haygirk.nla.am/upload/1941-/ler ev chakatagir_1972.pdf">http://haygirk.nla.am/upload/1941-/ler ev chakatagir_1972.pdf</a> |
| Link text | Կարդալ առցանց |
| -- | Agreements with National library |
| 942 00 - ADDED ENTRY ELEMENTS (KOHA) | |
| Source of classification or shelving scheme | Universal Decimal Classification |
| Koha item type | Գրքեր / Books |
| Withdrawn status | Lost status | Source of classification or shelving scheme | Damaged status | Not for loan | Collection | Home library | Current library | Date acquired | Total checkouts | Full call number | Barcode | Date last seen | Price effective from | Koha item type | Public note |
|---|---|---|---|---|---|---|---|---|---|---|---|---|---|---|---|
| Universal Decimal Classification | General | Fundamental Scientific Library | Fundamental Scientific Library | 15/12/2025 | AII/113949 | FL0701819 | 15/12/2025 | 15/12/2025 | Գրքեր / Books | 30 Days Loan |
ՀՀ Գիտությունների ազգային ակադեմիայի հիմնարար գիտական գրադարան = Fundamental Scientific Library of NAS RA
All site content, except where otherwise noted, is licensed under a